000 006990000a22002050004500
090 _aAS
_bSERIADAS
245 1 0 _aCaprellids from the caribbean coast of Colombia, with description of three new species and a key for species identification
653 _eDeutella caribensis
653 _eBiemna cribaria
690 _aNuevas especies
_992905
690 _aCaprélidos
_9100393
690 _aTaxonomía animal
_98245
041 0 _aInglés
044 _aColombia
700 1 _aKrapp Schickel, Traudl
_9100394
700 1 _aMuller, Hans G.
_9100395
100 1 _aGuerra García, José M.
_9100396
942 _cARTICULO
773 1 _tBoletín de Investigaciones Marinas y Costeras
_q149-194
_d2006
_g35
999 _c16226
_d16226